<?xml version="1.0" encoding="UTF-8"?>
<collection xmlns="http://www.loc.gov/MARC21/slim">
 <record>
  <leader>01064nam a22002057a 4500</leader>
  <controlfield tag="001">NCT_4_026882</controlfield>
  <controlfield tag="008">251004b        xxu||||| |||| 00| 0 vie d</controlfield>
  <datafield tag="999" ind1=" " ind2=" ">
   <subfield code="c">9333</subfield>
   <subfield code="d">9333</subfield>
  </datafield>
  <datafield tag="020" ind1=" " ind2=" ">
   <subfield code="a">9780679777601</subfield>
   <subfield code="c">$16.95</subfield>
  </datafield>
  <datafield tag="082" ind1="0" ind2="4">
   <subfield code="2">23rd ed.</subfield>
   <subfield code="a">952.04</subfield>
   <subfield code="b">R353</subfield>
  </datafield>
  <datafield tag="100" ind1="1" ind2=" ">
   <subfield code="a">Reid, T.R. </subfield>
  </datafield>
  <datafield tag="245" ind1="1" ind2="0">
   <subfield code="a">Confucius lives next door :</subfield>
   <subfield code="b">What living in the East teaches us about living in the West</subfield>
   <subfield code="c">T.R. Reid</subfield>
  </datafield>
  <datafield tag="260" ind1=" " ind2=" ">
   <subfield code="a">New York</subfield>
   <subfield code="b">Vintage Books</subfield>
   <subfield code="c">1999</subfield>
  </datafield>
  <datafield tag="300" ind1=" " ind2=" ">
   <subfield code="a">276 p.</subfield>
   <subfield code="b">ill.</subfield>
   <subfield code="c">21 cm</subfield>
  </datafield>
  <datafield tag="504" ind1=" " ind2=" ">
   <subfield code="a">Includes index</subfield>
  </datafield>
  <datafield tag="520" ind1="3" ind2=" ">
   <subfield code="a">Journalist T.R. Reid recounts his family's years in Japan, exploring how Confucian values shape social order, education, and community life in East Asia. The book contrasts Eastern communal ethics with Western individualism and considers what lessons modern societies can learn from Confucian traditions.</subfield>
  </datafield>
  <datafield tag="653" ind1=" " ind2=" ">
   <subfield code="a">Tham khảo</subfield>
  </datafield>
  <datafield tag="942" ind1=" " ind2=" ">
   <subfield code="2">ddc</subfield>
   <subfield code="c">BK</subfield>
  </datafield>
  <datafield tag="952" ind1=" " ind2=" ">
   <subfield code="0">0</subfield>
   <subfield code="1">0</subfield>
   <subfield code="2">ddc</subfield>
   <subfield code="4">0</subfield>
   <subfield code="6">952_040000000000000_R353</subfield>
   <subfield code="7">0</subfield>
   <subfield code="9">31467</subfield>
   <subfield code="a">000001</subfield>
   <subfield code="b">000001</subfield>
   <subfield code="d">2025-10-09</subfield>
   <subfield code="o">952.04 R353</subfield>
   <subfield code="p">TK.05728</subfield>
   <subfield code="r">2025-10-09</subfield>
   <subfield code="v">16.95</subfield>
   <subfield code="w">2025-10-09</subfield>
   <subfield code="y">BK</subfield>
  </datafield>
  <datafield tag="980" ind1=" " ind2=" ">
   <subfield code="a">Thư viện Trường Đại học Nam Cần Thơ</subfield>
  </datafield>
 </record>
</collection>
